AutoCAD 2015 and AutoCAD LT 2015 Bible (Record no. 231813)
[ view plain ]
| 000 -LEADER | |
|---|---|
| fixed length control field | 00446nam a2200157Ia 4500 |
| 005 - DATE AND TIME OF LATEST TRANSACTION | |
| control field | 20241126173258.0 |
| 008 - FIXED-LENGTH DATA ELEMENTS--GENERAL INFORMATION | |
| fixed length control field | 231221s9999 xx 000 0 und d |
| 020 ## - INTERNATIONAL STANDARD BOOK NUMBER | |
| International Standard Book Number | 9788126552757 |
| 082 ## - DEWEY DECIMAL CLASSIFICATION NUMBER | |
| Classification number | 620.0042 FIN;1 R |
| 100 ## - MAIN ENTRY--PERSONAL NAME | |
| Personal name | Finkelstein, Ellen. Ambrosius, Lee. |
| 245 #0 - TITLE STATEMENT | |
| Title | AutoCAD 2015 and AutoCAD LT 2015 Bible |
| 260 ## - PUBLICATION, DISTRIBUTION, ETC. (IMPRINT) | |
| Date of publication, distribution, etc. | 2014 |
| Name of publisher, distributor, etc. | Wiley |
| Place of publication, distribution, etc. | New Delhi |
| 300 ## - PHYSICAL DESCRIPTION | |
| Extent | xii, 1253 |
| 650 ## - SUBJECT ADDED ENTRY--TOPICAL TERM | |
| Topical term or geographic name as entry element | AutoCAD,2015,AutoCAD,LT,2015,Bible |
| 942 ## - ADDED ENTRY ELEMENTS (KOHA) | |
| Koha item type | Arch Books |
| Date last seen | Total Checkouts | Full call number | Accession number | Old discount | Cost, replacement price | Price effective from | Category | Lost status | Source of classification or shelving scheme | Damaged status | Department | Withdrawn status | bill no. | Permanent Location | Current Location | Shelving location | Entry date | Vendor | Cost, normal purchase price | Grants | Currency symbol | Conversion rate | Discount | Discount type |
|---|---|---|---|---|---|---|---|---|---|---|---|---|---|---|---|---|---|---|---|---|---|---|---|---|
| 26/01/2024 | 620.0042 FIN;1 R | AR394 | 26 | 665.26 | 26/01/2024 | Arch Books | Dewey Decimal Classification | 957 | Architecture Library | Architecture Library | ARCH | 24/03/2016 | Surya Book Supplier | 899.00 | ARCH | RS | 1 | 233.74 | Rupees |
